书目信息 |
| 题名: |
中国革命史自学指导书
|
|
| 作者: | 何沁 主编 | |
| 分册: | ||
| 出版信息: | 武汉 武汉大学出版社 1990 |
|
| 页数: | 228页 | |
| 开本: | 19cm | |
| 丛书名: | ||
| 单 册: | ||
| 中图分类: | K201 | |
| 科图分类: | ||
| 主题词: | 资产阶级民主革命--历史--中国--高等教育--自学参考资料 , 社会主义革命--历史--中国--高等教育--自学参考资料 , 新民主主义革命--历史--中国--高等教育--自学参考资料 , 中国--通史 | |
| 电子资源: | ||
| ISBN: | 7-307-00841-6 | |
| 000 | 00835nam0 2200253 45 | |
| 001 | 0194009467 | |
| 005 | 20070923161636.46 | |
| 010 | @a7-307-00841-6@dCNY2.60 | |
| 100 | @a19940222d1990 em y0chiy0121 ea | |
| 101 | 0 | @achi |
| 102 | @aCN@b420000 | |
| 105 | @ay z 000yy | |
| 200 | 10 | @a中国革命史自学指导书@AZHONG GUO GE MING SHI ZI XUE ZHI DAO SHU@f何 沁主编@Fhe qin zhu bian |
| 210 | @a武汉@c武汉大学出版社@d1990 | |
| 215 | @a228页@d19cm | |
| 300 | @a高等教育自学考试指导书 应用专科公共课 | |
| 606 | @a资产阶级民主革命@x历史@y中国@x高等教育@x自学参考资料 | |
| 606 | @a社会主义革命@x历史@y中国@x高等教育@x自学参考资料 | |
| 606 | @a新民主主义革命@x历史@y中国@x高等教育@x自学参考资料 | |
| 606 | 0 | @a中国@x通史 |
| 690 | @aK201@v4 | |
| 701 | 0 | @a何沁@AHE QIN@4主编 |
| 801 | 0 | @aCN@bTSSF@c20070923 |
| 905 | @a10447@dK201@e118 | |
| 中国革命史自学指导书/何 沁主编.-武汉:武汉大学出版社,1990 |
| 228页;19cm |
| 高等教育自学考试指导书 应用专科公共课 |
| ISBN 7-307-00841-6:CNY2.60 |
| ● |
| 相关链接 |
|
|
|
|
正题名:中国革命史自学指导书
索取号:K201/118
 
预约/预借
| 序号 | 登录号 | 条形码 | 馆藏地/架位号 | 状态 | 备注 |
| 1 | 624548 | 206245482 | 第二样本阅览室/ [索取号:K201/118] | 在馆 |